Educational challenges of the 21st century : (Record no. 88101)

MARC details
000 -CABECERA
campo de control de longitud fija 00756nam a22001933a 4500
005 - FECHA Y HORA DE LA ÚLTIMA TRANSACCIÓN
campo de control 20240919064742.0
008 - ELEMENTOS DE LONGITUD FIJA--INFORMACIÓN GENERAL
campo de control de longitud fija 011016s1996 fr r 000 0 eng d
035 ## - NÚMERO DE CONTROL DEL SISTEMA
Número de control de sistema UPN01000114193
049 ## - COLECCIÓN
Colección UNE
050 #4 - SIGNATURA TOPOGRÁFICA DE LA BIBLIOTECA DEL CONGRESO
Número de clasificación LC192
Número de documento/Ítem H2.4
100 1# - ASIENTO PRINCIPAL--NOMBRE PERSONAL
Nombre de persona Hallak, Jacques,
Fechas asociadas al nombre 1937-
9 (RLIN) 28384
245 10 - MENCIÓN DE TÍTULO
Título Educational challenges of the 21st century :
Resto del título the vision of quality /
Mención de responsabilidad, etc. Jacques Hallak.
260 ## - PUBLICACIÓN, DISTRIBUCIÓN, ETC.
Lugar de publicación, distribución, etc. Paris :
Nombre del editor, distribuidor, etc. UNESCO, International Institute for Educational Planning,
Fecha de publicación, distribución, etc. 1996
300 ## - DESCRIPCIÓN FÍSICA
Extensión v, 13 p.
440 #0 - MENCIÓN DE SERIE/ASIENTO SECUNDARIO--TÍTULO
Título IIEP contributions ;
Designación de volumen o secuencia 23
500 ## - NOTA GENERAL
Nota general "This document was presented at the Vth SEAMEO-INNOTECH International Conference, which was held from 5 to 7 december 1995, Manila, Philippines"
650 #4 - ASIENTO SECUNDARIO DE MATERIA - TERMINO TEMATICO
Término de materia o nombre geográfico como elemento de entrada Educación
Subdivisión general Aspectos sociales
9 (RLIN) 5311
905 ## - TIPO DE MATERIAL
Tipo de material Libro
Holdings
Estado de retiro Estado de pérdida Fuente del sistema de clasificación o colocación Estado dañado No para préstamo Código de colección Localización permanente Ubicación/localización actual Ubicación en estantería Fecha de adquisición Clasificación Código de barras Fecha visto por última vez Número de copia Tipo de ítem Koha
    Library of Congress Classification   Disponible (Préstamo en sala) UNESCO Bib. Gregorio Torres Quintero Bib. Gregorio Torres Quintero Colecciones especiales Planta alta 03/02/2023 LC192 H2.4 159054 31/12/2020 1 Libro